Statistics for planets

Click here to take the quiz!

General Stats

  • This quiz has been taken 40 times
  • The average score is 13 of 17

Answer Stats

QuestionAnswer% Correct
What is inside the Solar System?1 Star, 8 Planets
96%
complete the word spa_e __nkspace junk
96%
What is Pluto?Dwarf Planet
92%
What is the biggest planet in the solar system?Jupiter
92%
What is the closest planet to the sun?Mercury
92%
Which is the smallest planet in the solar system?mercury
92%
Which planet is the hottest?Venus
92%
What is a star?Hot Bodies which are dangerous
88%
choose 1 exoplanetWASP-12b
84%
which is the coldestabsolute zero
76%
Which is a starPolaris
76%
Which one is Saturn's moonTitan
68%
which is the hottest?Tres-4
52%
Which planet is the coldest?Uranus
52%
what is the biggest planet?Tres_ 4
40%
which is the one we can't seelight
36%
how do moons formby planets crashing to each other
32%

Score Distribution

Percentile by Number Answered

Percent of People with Each Score

Your Score History

You have not taken this quiz